The earth: an intimate history (Record no. 75681)

MARC details
000 -LEADER
fixed length control field 00709nam a2200157 a 4500
008 - FIXED-LENGTH DATA ELEMENTS--GENERAL INFORMATION
fixed length control field 180914s2004 ||||||||||||||||| || u
050 ## - LIBRARY OF CONGRESS CALL NUMBER
Classification number QE 28.3 For
100 ## - MAIN ENTRY--PERSONAL NAME
Personal name Fortey, Richard
245 14 - TITLE STATEMENT
Title The earth: an intimate history
Statement of responsibility, etc. By Richard Fortey
260 ## - PUBLICATION, DISTRIBUTION, ETC.
Place of publication, distribution, etc. London
Name of publisher, distributor, etc. The Folio Society
Date of publication, distribution, etc. 2004
300 ## - PHYSICAL DESCRIPTION
Extent xiv, 416p.: ill.
350 ## -
-- 89.00
650 ## - SUBJECT ADDED ENTRY--TOPICAL TERM
Topical term or geographic name entry element HISTORICAL GEOLOGY
995 ## -
-- MAIN LIBRARY OPEN ACCESS
-- 748676
-- CBU-MAIN LIBRARY (Kitwe)
-- 89.00
-- QE 28.3 For
-- 1
-- AVAILABLE
-- Sep 21, 2018
-- 748676
-- Main Library Open Access Collection
995 ## -
-- MAIN LIBRARY OPEN ACCESS
-- 748677
-- CBU-MAIN LIBRARY (Kitwe)
-- 89.00
-- QE 28.3 For
-- 2
-- AVAILABLE
-- Sep 21, 2018
-- 748677
-- Main Library Open Access Collection
999 ## -
-- 75681
-- 75681
Holdings
Withdrawn status Lost status Source of classification or shelving scheme Damaged status Not for loan Permanent Location Current Location Shelving location Date acquired Total Checkouts Full call number Barcode Date last seen Copy number Price effective from Koha item type
          CBU-MAIN LIBRARY, KITWE. CBU-MAIN LIBRARY, KITWE.   04/24/2023   QE 28.3 For 748676 04/24/2023 1 04/24/2023 MONOGRAPH
          CBU-MAIN LIBRARY, KITWE. CBU-MAIN LIBRARY, KITWE.   04/24/2023   QE 28.3 For 748677 04/24/2023 2 04/24/2023 MONOGRAPH